000 00469nam a2200193Ia 4500
003 GCL
008 140319s9999 xx 000 0 aRus d
040 _aGCL /
_cGCL
082 0 4 _a861
_bO M
100 1 _aORTEGA, ESPERANZA
245 1 0 _aMUDANZA /
_cORTEGA, ESPERANZA
260 _a[S.N] :
_bAVE DEL PARAISO ،
_c1993
300 _a99
650 0 4 _aLITERATURE
650 0 4 _aPOETRY
650 0 4 _aSPANISH LITERATURE
650 0 4 _aSPANISH POETRY
942 _2ddc
_cBK
999 _c12789
_d12789